{"text_format":"3","workbook":"xlsx","n_sheets":2,"sheets":["Bid Form (Print & Sign)","Pricing Sheet"],"not_rendered":{"defined_names":1},"read":"whole","date_system":"1900"}

{"sheet":"Bid Form (Print & Sign)","index":0,"n_rows":34,"n_cols":11,"rows_kept":34,"merged":[[0,5,6,6],[1,0,1,4],[2,0,2,4],[2,7,2,10],[3,0,3,4],[3,7,5,10],[4,0,4,4],[5,0,5,4],[6,0,6,4],[6,7,6,10],[7,0,7,10],[8,0,8,10],[9,0,9,3],[9,5,9,10],[10,0,10,10],[11,0,11,3],[11,4,12,10],[12,0,12,3],[13,0,13,10],[14,0,14,10],[15,0,15,10],[16,0,16,4],[16,5,16,7],[17,0,17,2],[17,4,17,8],[17,9,17,10],[18,0,18,1],[18,2,18,7],[19,1,19,7],[20,0,20,1],[20,2,20,7],[20,9,20,10],[21,1,21,4],[21,7,21,10],[22,1,22,4],[22,7,22,10],[23,0,24,4],[23,6,24,10],[25,0,25,4],[25,6,25,10],[26,0,26,5],[26,6,26,10],[27,0,28,10],[29,0,29,10],[30,0,30,10],[33,5,33,8]]}
["SOLICITATION, OFFER, AND BID FORM",{"$nulls":9},"ESCAMBIA COUNTY, FLORIDA"]
["Submit offers to:"]
["Jeff Lovingood, 850-595-4953",{"$nulls":6},"Invitation to Bid"]
["Purchasing Specialist",{"$nulls":6},"CONGESTION MANAGEMENT PLAN PHASE II SHERIFF’S PARKING LOT"]
["Office of Purchasing, 2nd Floor, Room 11.101"]
["213 Palafox Place, Pensacola, FL  32502"]
["or P.O. Box 1591, Pensacola, FL 32591-1591",{"$nulls":6},"Solicitation Number PD 17-18.074"]
["SOLICITATION"]
["Mailing Date:  July 16, 2018"]
["Pre-Solicitation Conference: A",{"$nulls":3},"Non-Mandatory","Pre-Solicitation Conference will be held in the Office of "]
["Purchasing Conference Room, 11.407, at 213 Palafox Pl. Pensacola, FL 32502 at 1:00 PM CDT on July 31, 2018"]
["Offers Will Be Received Until:",{"$nulls":3},"1:00 PM CDT, August 16, 2018, and may not be withdrawn within 90 days after such date and time."]
[]
["POSTING OF SOLICITATION TABULATIONS"]
["Solicitation tabulations with Recommended Awards will be posted for review by interested parties at the Escambia County Office of Purchasing, and will remain posted for a period of two (2) business days.  Failure to file a protest in writing within two (2) business days after posting of the soliciation tabulation shall constitute a waiver of any protest relating to this soliciation.  All protests must be filed with the Escambia County Office of Purchasing.  Protests will be handled according to Escambia County Purchasing Ordinance."]
["OFFER (shall be completed by Offeror)"]
["Federal Employer ID Number or S.S. Number:",{"$nulls":9},"Terms of Payment"]
["Delivery Date will be ",{"$nulls":3},"days after receipt of Purchase Order"]
["Vendor Name:"]
["Address:",{"$nulls":9},"Bid Bond Attached"]
["City, State, Zip:",{"$nulls":7},"$"]
["Phone:",{"$nulls":5},"Toll Free:"]
["Fax:",{"$nulls":5},"Contact:"]
[]
[]
["Name & Title of Person Authorized to Sign Offer",{"$nulls":5},"* Signature of Person Authorized to Sign Offer"]
[{"$nulls":6},"(Original Signature Required)"]
["* Failure to execute this Form binding the bidder's offer shall result in the bid being rejected as non-responsive."]
[]
["I certify that this offer is made without prior understanding, agreement, or connection, with any Corporation, firm or person submitting an offer for the same materials, supplies, or equipment, and is in all respects fair and without collusion or fraud.  I agree to abide by all conditions of this offer and certify that I am authorized to sign this offer for the Offeror and that the Offeror is in compliance with all requirements of the solicitation, including but not limited to certification requirements.  In submitting an offer to Escambia County Florida, the Offeror agrees that if the offer is accepted, the Offeror will convey, sell, assign or transfer to Escambia County Florida all rights title and interest in and to all causes of action it may now or hereafter acquire under the Anti-trust laws of the United States and the State of Florida for price fixing relating to the particular commodities or services purchase or acquired by Escambia County Florida.  At the County’s discretion, such assignment shall be made and become effective at the time the County tenders final payment to the Offeror."]
["BID FORM"]
[]
[]
[{"$nulls":4},"BASE BID:    $",{"$f":"'Pricing Sheet'!J62","v":0}]

{"sheet":"Pricing Sheet","index":1,"n_rows":64,"n_cols":10,"rows_kept":64,"merged":[[2,0,2,9],[70,0,70,5]]}
[]
[]
["CASINO BEACH PARKING AREA- Bid Sheet"]
["ROADWAY QUANTITY","Item","PAY ITEM NO.","DESCRIPTION","UNIT","BID QUANITY","UNIT COST","TOTAL","Unit Price","Cost"]
[1,1,"101-1","Mobilization","LS",1,{"v":7500,"d":"$7,500.00"},{"$f":"F5*G5","v":{"v":7500,"d":"$7,500.00"}},null,{"$f":"F5*I5","v":{"v":0,"d":"$0.00"}}]
[6,2,"102-1","Clearing and Grubbing, per County Specifications 2230","AC",1,{"v":7500,"d":"$7,500.00"},{"$f":"F6*G6","v":{"v":7500,"d":"$7,500.00"}},null,{"$f":"F6*I6","v":{"v":0,"d":"$0.00"}}]
[null,3,3,"Remove Shrubs","EA",12,{"$nulls":3},{"v":0,"d":"$0.00"}]
[null,4,null,"Remove Palm Trees","EA",15,{"$nulls":3},{"v":0,"d":"$0.00"}]
[null,5,"104-10-3","Earthwork Excavate, Haul, and Install, On-site/Off-site","CY",1800,{"v":10.5,"d":"$10.50"},{"v":18900,"d":"$18,900.00"},null,{"v":0,"d":"$0.00"}]
[175,6,"104-18","Earthwork Establishing Grade, County Specs 2300","SY",3674,{"v":2.25,"d":"$2.25"},{"v":8266.5,"d":"$8,266.50"},null,{"v":0,"d":"$0.00"}]
[65,7,"110-1-1","Remove and Replace Unsuitable Materials","CY",100,{"v":17,"d":"$17.00"},{"v":1700,"d":"$1,700.00"},null,{"v":0,"d":"$0.00"}]
[null,8,"120-1","Final grading and seal rolling prior to paving","SY",3674,{"v":2.25,"d":"$2.25"},{"v":8266.5,"d":"$8,266.50"},null,{"v":0,"d":"$0.00"}]
[1,9,"120-4","1\" County Spec 2500 Type SP 12.5 Asphalt Concrete Surface","SY",239,{"v":7.25,"d":"$7.25"},{"v":1732.75,"d":"$1,732.75"},null,{"v":0,"d":"$0.00"}]
[null,10,"162-1-11","1 1/2\" County Spec 2500 Type SP 12.5 Asphalt Concrete Surface","SY",3273,{"v":7.25,"d":"$7.25"},{"v":23729.25,"d":"$23,729.25"},null,{"v":0,"d":"$0.00"}]
[null,11,"425-6","2\" County Spec 2500 Type SP 12.5 Asphalt","SY",239,{"v":10.5,"d":"$10.50"},{"v":2509.5,"d":"$2,509.50"},null,{"v":0,"d":"$0.00"}]
[975,12,"522-1","Remove Existing Asphalt, 2\" Average Depth","SY",38,{"v":4,"d":"$4.00"},{"v":152,"d":"$152.00"},null,{"v":0,"d":"$0.00"}]
[null,13,"527-2","12\" Stabilized Subgrade, County Spec 2300","SY",3674,{"v":3,"d":"$3.00"},{"v":11022,"d":"$11,022.00"},null,{"v":0,"d":"$0.00"}]
[790,14,"570-1-2","6\" Bahamian base","SY",3405,{"v":15,"d":"$15.00"},{"v":51075,"d":"$51,075.00"},null,{"v":0,"d":"$0.00"}]
[null,15,"700-1-11","8\" Bahamian base","SY",270,{"v":17.5,"d":"$17.50"},{"v":4725,"d":"$4,725.00"},null,{"v":0,"d":"$0.00"}]
[null,16,null,"6\" Pipe Bollards, Per County Detail","EA",2,{"$nulls":3},{"v":0,"d":"$0.00"}]
[200,17,"700-1-50","Thermoplastic 6” Solid Stripe, White or Yellow","LF",1479,{"v":1.25,"d":"$1.25"},{"v":1848.75,"d":"$1,848.75"},null,{"v":0,"d":"$0.00"}]
[50,18,"711-11-123","Thermoplastic 6” Double Solid Stripe, White or Yellow","LF",25,{"v":2,"d":"$2.00"},{"v":50,"d":"$50.00"},null,{"v":0,"d":"$0.00"}]
[null,19,"711-11-123","Thermoplastic Stop Bar","LF",24,{"v":8,"d":"$8.00"},{"v":192,"d":"$192.00"},null,{"v":0,"d":"$0.00"}]
[50,20,null,"Thermoplastic Directional Arrow, Single Head (Turn Left/ Right) 16sf","EA",2,{"v":150,"d":"$150.00"},{"v":300,"d":"$300.00"},null,{"v":0,"d":"$0.00"}]
[160,21,null,"Thermoplastic Directional Arrow, Double Head (Straight Ahead W/Turn) 27sf","EA",1,{"v":275,"d":"$275.00"},{"v":275,"d":"$275.00"},null,{"v":0,"d":"$0.00"}]
[null,22,null,"Thermoplastic High Intensity Pedestrian Crosswalk","LF",24,{"$nulls":3},{"v":0,"d":"$0.00"}]
[1,23,null,"Thermoplastic Handicap Parking Space with Symbol","EA",4,{"v":525,"d":"$525.00"},{"v":2100,"d":"$2,100.00"},null,{"v":0,"d":"$0.00"}]
[1,24,null,"Thermoplastic \"LEO ONLY\" Pavement Message","EA",2,{"v":300,"d":"$300.00"},{"v":600,"d":"$600.00"},null,{"v":0,"d":"$0.00"}]
[null,25,null,"Stop Sign, R1-1","EA",2,{"v":275,"d":"$275.00"},{"v":550,"d":"$550.00"},null,{"v":0,"d":"$0.00"}]
[null,26,null,"Authorized Vehicles Only Sign","EA",4,{"$nulls":3},{"v":0,"d":"$0.00"}]
[1,27,null,"Develop and provide an approved MOT traffic safety plan both map type and written type by a Certified Work Zone Safety Traffic Supervisor","EA",1,{"v":2250,"d":"$2,250.00"},{"v":2250,"d":"$2,250.00"},null,{"v":0,"d":"$0.00"}]
[1,28,null,"MOT","LS",1,{"v":7500,"d":"$7,500.00"},{"v":7500,"d":"$7,500.00"},null,{"v":0,"d":"$0.00"}]
[null,29,null,"FDOT Type F Curb And Gutter","LF",194,{"v":20,"d":"$20.00"},{"v":3880,"d":"$3,880.00"},null,{"v":0,"d":"$0.00"}]
[0.2,30,null,"Concrete Bumper Guards","EA",83,{"v":85,"d":"$85.00"},{"v":7055,"d":"$7,055.00"},null,{"v":0,"d":"$0.00"}]
[null,31,null,"Header Curb, Per County Detail","LF",1471,{"v":17.5,"d":"$17.50"},{"v":25742.5,"d":"$25,742.50"},null,{"v":0,"d":"$0.00"}]
[null,32,null,"1' Ribbon Curb, Per County Detail","LF",82,{"v":15,"d":"$15.00"},{"v":1230,"d":"$1,230.00"},null,{"v":0,"d":"$0.00"}]
[null,33,null,"5' Fiber Reinforced Concrete Sidewalk","LF",170,{"v":24,"d":"$24.00"},{"v":4080,"d":"$4,080.00"},null,{"v":0,"d":"$0.00"}]
[null,34,null,"Construct Curb Ramp (Approved Mat, Color included)","EA",4,{"v":1250,"d":"$1,250.00"},{"v":5000,"d":"$5,000.00"},null,{"v":0,"d":"$0.00"}]
[null,35,null,"Saw cut Existing Concrete ","LF",33,{"v":4.5,"d":"$4.50"},{"v":148.5,"d":"$148.50"},null,{"v":0,"d":"$0.00"}]
[null,36,null,"Remove Existing Concrete, 6\" thick","SY",65,{"v":6.5,"d":"$6.50"},{"v":422.5,"d":"$422.50"},null,{"v":0,"d":"$0.00"}]
[null,37,null,"Remove Curb ","LF",350,{"v":8,"d":"$8.00"},{"v":2800,"d":"$2,800.00"},null,{"v":0,"d":"$0.00"}]
[null,38,null,"Remove Ex. 1' Wide Block Wall","LF",85,{"$nulls":3},{"v":0,"d":"$0.00"}]
[null,39,null,"Misc. Concrete","CY",5,{"v":30,"d":"$30.00"},{"v":150,"d":"$150.00"},null,{"v":0,"d":"$0.00"}]
[null,40,null,"Street Print (Offset Brick, Terracotta or Brick color)","SY",805,{"v":115,"d":"$115.00"},{"v":92575,"d":"$92,575.00"},null,{"v":0,"d":"$0.00"}]
[null,41,null,"Ditch Bottom Inlet, Type F","EA",3,{"v":3500,"d":"$3,500.00"},{"v":10500,"d":"$10,500.00"},null,{"v":0,"d":"$0.00"}]
[null,42,null,"Storm Manhole","EA",2,{"v":5250,"d":"$5,250.00"},{"v":10500,"d":"$10,500.00"},null,{"v":0,"d":"$0.00"}]
[null,43,null,"Remove Ditch Bottom Inlet (including top and bottom)","EA",2,{"v":500,"d":"$500.00"},{"v":1000,"d":"$1,000.00"},null,{"v":0,"d":"$0.00"}]
[null,44,null,"Tie to Existing Inlets, Pipe, Manhole, R-Tank System","EA",6,{"v":1500,"d":"$1,500.00"},{"v":9000,"d":"$9,000.00"},null,{"v":0,"d":"$0.00"}]
[null,45,null,"18\" RCP Pipe","LF",150,{"v":40,"d":"$40.00"},{"v":6000,"d":"$6,000.00"},null,{"v":0,"d":"$0.00"}]
[null,46,null,"24\" RCP Pipe","LF",2,{"v":110,"d":"$110.00"},{"v":220,"d":"$220.00"},null,{"v":0,"d":"$0.00"}]
[null,47,null,"R-Tank Stormwater System","LS",1,{"v":2000,"d":"$2,000.00"},{"v":2000,"d":"$2,000.00"},null,{"v":0,"d":"$0.00"}]
[null,48,null,"R- Tank Stormwater System Installation","LS",1,{"v":3250,"d":"$3,250.00"},{"v":3250,"d":"$3,250.00"},null,{"v":0,"d":"$0.00"}]
[null,49,null,"Silt Fence Type IV","LF",1200,{"v":5,"d":"$5.00"},{"v":6000,"d":"$6,000.00"},null,{"v":0,"d":"$0.00"}]
[null,50,null,"Construct Stabilized Gravel Construction Entrance","EA",1,{"v":1500,"d":"$1,500.00"},{"v":1500,"d":"$1,500.00"},null,{"v":0,"d":"$0.00"}]
[null,51,null,"NPDES NOI and NOT Permit, including SWPPP and monitoring (for use only with disturbed areas over 1.0 Acre)","EA",1,{"v":2250,"d":"$2,250.00"},{"v":2250,"d":"$2,250.00"},null,{"v":0,"d":"$0.00"}]
[null,52,null,"Wood Split Rail Fence","LF",910,{"$nulls":3},{"v":0,"d":"$0.00"}]
[null,53,null,"Split Rail Fence Gate","EA",1,{"$nulls":3},{"v":0,"d":"$0.00"}]
[null,54,null,"Remove Existing Chain Link Fence","LF",390,{"v":5,"d":"$5.00"},{"v":1950,"d":"$1,950.00"},null,{"v":0,"d":"$0.00"}]
[null,55,null,"Jobsite Board for posting project information, permits, etc.","EA",1,{"v":650,"d":"$650.00"},{"v":650,"d":"$650.00"},null,{"v":0,"d":"$0.00"}]
[null,56,null,"Lighting","LS",1,{"v":60000,"d":"$60,000.00"},{"v":60000,"d":"$60,000.00"},null,{"v":0,"d":"$0.00"}]
[null,57,null,"Landscaping","LS",1,{"v":35000,"d":"$35,000.00"},{"v":35000,"d":"$35,000.00"},null,{"v":0,"d":"$0.00"}]
[{"$nulls":8},"Total ",{"$f":"SUM(J5:J61)","v":{"v":0,"d":"$0.00"}}]
[]
[{"$nulls":6},"Total",{"$f":"SUM(H5:H61)","v":{"v":455647.75,"d":"$455,647.75"}}]